A phenomenon of polyglotism bakalárska práca

Uložené v:
Podrobná bibliografia
Hlavný autor: Fuziová, Martina
Korporativný autor: Fakulta aplikovaných jazykov EU v Bratislave. Katedra jazykovedy a translatológie
Ďalší autori: Fifiková, Dominika, 1987-
Médium: Kniha
Jazyk:English
Vydavateľské údaje: Bratislava 2018
Tagy: Pridať tag
Žiadne tagy, Buďte prvý, kto otaguje tento záznam!

MARC

LEADER 00000nbm a2200000 4500
001 0244012
005 20181011091637.2
041 0 |a eng 
044 |a SK 
245 1 0 |a A phenomenon of polyglotism  |b bakalárska práca  |c Martina Fuziová ; školiteľ: Dominika Fifiková 
264 1 |a Bratislava  |c 2018 
300 |a 49 s. 
100 1 |a Fuziová, Martina 
700 1 |a Fifiková, Dominika, 1987- 
710 2 |a Fakulta aplikovaných jazykov EU v Bratislave. Katedra jazykovedy a translatológie